000 00349nam a22001457a 4500
003 SGT
020 _a812560128-7
082 _a615.321
_bANS
100 _aANSARI, S.H.
245 _aLAB MANUAL PHARMACOGNOSY & PHYTOCHEMISTRY
260 _aINDIA
_bTARA PUB.
_c2027
300 _a88
650 _aPHARMACOGNOSY & PHYTOCHEMISTRY
942 _2ddc
_cBK
999 _c33006
_d33006